000 00941nam a22003017a 4500
001 6878
003 FISKH
005 20250604110321.0
008 250604b cb ||||| |||| 00| 0 eng d
020 _a078073003990
040 _aFISKH
_beng
_cFISKH
_dFISKH
050 _aSF302.D385
082 _a636.1
100 _aDavidson, Margaret
_d(1936–)
245 _aFive true horse stories /
_cBy Margaret Davidson ; Illustrated by Leo Summers ; Cover illustration by Sandy Rabinowitz
250 _aThis edition first published in 1979
260 _aNew York :
_bScholastic,
_c1979
300 _a64 pages :
_billustrations ;
_c20 cm
505 _aP
520 _aStories about real horses.
521 8 _a600
_bLexile
521 8 _aP
_bRaz-Plus
650 _2Animal stories
_aHorses
650 _2Independent Readers Shelf
_aSmall group reading
700 _aSummers, Leo
_dillustrator
942 _2ddc
_cBK
_n0
999 _c6878
_d6878